|
|
|
|
| LEADER |
00000nnm a2200000 i 4500 |
| 001 |
dolg3501 |
| 005 |
20150915104218.0 |
| 008 |
150618suuuu hu o 000 hun d |
| 040 |
|
|
|a BGE Dolgozattár Repozitórium
|b hun
|
| 041 |
|
|
|a hu
|
| 100 |
1 |
|
|a szrogh anett
|
| 245 |
1 |
2 |
|a A panaszszituációk kezelése a forrástól a megoldásig a Festett Kakas étteremben
|c szrogh anett
|h [elektronikus dokumentum]
|
| 516 |
|
|
|a Project_work
|
| 695 |
|
|
|a Panaszkezelés
|
| 695 |
|
|
|a Panaszmegelőzés
|
| 700 |
1 |
|
|a Fekete-Frojimovics Dr. Zsófia
|e ths
|
| 856 |
4 |
0 |
|u http://dolgozattar.uni-bge.hu/3501/7/Projektmunka%20Szrogh%20Anett%202015%20Vend%C3%A9gl%C3%A1t%C3%A1s%20%282%29.pdf
|z Dokumentum-elérés
|